Toronto Subway Stations Quiz - With Map - Statistics

General Stats
  • This quiz has been taken 2,514 times
  • The average score is 50 of 80
Answers on the Map
Answers color-coded by a green-red scale on the quiz's map according to % correct below.
 
Answer Stats
Answer % Correct
Union
92%
Bloor
91%
Queen
91%
Yonge
91%
King
89%
Dundas
84%
Finch
83%
Spadina
81%
Spadina
81%
St. George
81%
St. George
81%
Bay
80%
Eglinton
77%
Museum
76%
Sheppard-Yonge
76%
Sheppard-Yonge
76%
College
75%
Kennedy
74%
Kennedy
74%
Kipling
74%
St. Clair
74%
Vaughan Metropolitan Centre
73%
St. Andrew
72%
Lawrence
69%
Scarborough Centre
69%
St. Patrick
67%
Eglinton West
66%
Osgoode
66%
Wellesley
66%
Bathurst
65%
Don Mills
65%
St. Clair West
65%
Islington
64%
Jane
64%
Queen's Park
64%
Rosedale
64%
Yorkdale
63%
Pape
62%
York University
62%
High Park
61%
North York Centre
61%
York Mills
61%
Dundas West
59%
Keele
59%
Lawrence West
59%
Ossington
59%
Castle Frank
58%
Dufferin
57%
Finch West
57%
Highway 407
57%
Sheppard West
57%
Victoria Park
57%
Christie
56%
Pioneer Village
56%
Summerhill
56%
Davisville
55%
Dupont
55%
Leslie
54%
Old Mill
54%
Sherbourne
54%
Warden
54%
Bayview
53%
Wilson
53%
Royal York
52%
Main Street
51%
Broadview
50%
Woodbine
50%
Runnymede
49%
Bessarion
48%
Chester
48%
Coxwell
46%
Lansdowne
46%
Donlands
45%
Downsview Park
45%
McCowan
45%
Glencairn
44%
Greenwood
44%
Ellesmere
42%
Lawrence East
42%
Midland
38%
No matching quizzes found
Score Distribution
Percent of People with Each Score
Percentile by Number Answered
Your Score History
You have not taken this quiz